Protecao aos conhecimentos das sociedades tradicionais (Registro nro. 5920)
[ vista simple ]
| 000 -CABECERA | |
|---|---|
| Campo de control | 01196nam a2200289 a 4500 |
| 005 - FECHA Y HORA DE LA ULTIMA TRANSACCION | |
| Campo de control | 20140724155032.0 |
| 008 - ELEMENTOS DE LONGITUD FIJA—INFORMACION GENERAL | |
| Campo de control | 140724b2006 bl ||||| |||| 00| 0 por d |
| 020 ## - ISBN | |
| ISBN | 9788589659093 |
| 041 ## - IDIOMA | |
| Código de idioma para texto/pista de sonido o título separado | Español |
| 082 04 - NUMERO DE CLASIFICACION DECIMAL DEWEY | |
| Número de clasificación | 363.69 |
| Número del ítem | S47p |
| 100 ## - ASIENTO PRINCIPAL--NOMBRE PERSONAL | |
| Nombre personal | Silva Barros, Benedita da |
| 245 ## - MENCION DE TITULO | |
| Título | Protecao aos conhecimentos das sociedades tradicionais |
| 260 ## - PUBLICACION, DISTRIBUCION, ETC. (PIE DE IMPRENTA) | |
| Lugar de publicación, distribución, etc. | Pará |
| Nombre del editor, distribuidor, etc. | Centro Universitario do Pará |
| Fecha de publicación, distribución, etc. | 2007 |
| 300 ## - DESCRIPCION FISICA | |
| Extensión | 342 p. |
| 650 #6 - ASIENTO SECUNDARIO DE MATERIA - TERMINO TEMATICO | |
| Término temático o nombre geográfico como elemento de entrada | Protección de la propiedad cultural |
| Subdivisión de forma | Congresos, conferencias, etc. |
| Subdivisión general | Protección |
| Subdivisión geográfica | Brasil |
| 650 #6 - ASIENTO SECUNDARIO DE MATERIA - TERMINO TEMATICO | |
| Término temático o nombre geográfico como elemento de entrada | Cultura |
| Subdivisión de forma | Congresos, conferencias, etc. |
| Subdivisión general | Legislación |
| Subdivisión geográfica | Brasil |
| 650 ## - ASIENTO SECUNDARIO DE MATERIA - TERMINO TEMATICO | |
| Término temático o nombre geográfico como elemento de entrada | Diversidad biológica |
| Subdivisión de forma | Congresos, conferencias, etc. |
| Subdivisión geográfica | Amazonas (Región) |
| 650 ## - ASIENTO SECUNDARIO DE MATERIA - TERMINO TEMATICO | |
| Término temático o nombre geográfico como elemento de entrada | Multiculturalismo |
| Subdivisión geográfica | Amazonas (Región) |
| 650 #6 - ASIENTO SECUNDARIO DE MATERIA - TERMINO TEMATICO | |
| Término temático o nombre geográfico como elemento de entrada | Culturas indígenas |
| Subdivisión de forma | Congresos, conferencias, etc. |
| 651 ## - ASIENTO SECUNDARIO DE MATERIA - NOMBRE GEOGRAFICO | |
| Nombre geográfico | Brasil |
| Subdivisión de forma | Congresos, conferencias, etc. |
| Subdivisión general | Política cultural |
| 700 1# - ASIENTO SECUNDARIO - NOMBRE PERSONAL | |
| Nombre personal | López Garcés, Claudia Leonor |
| 700 1# - ASIENTO SECUNDARIO - NOMBRE PERSONAL | |
| Nombre personal | Pinto Moreira, Eliane Cristina |
| 700 1# - ASIENTO SECUNDARIO - NOMBRE PERSONAL | |
| Nombre personal | Ferreira Pinheiro, Antonio do Socorro |
| 700 1# - ASIENTO SECUNDARIO - NOMBRE PERSONAL | |
| Nombre personal | Barros, Benedita da Silva |
| 942 ## - ELEMENTOS ADICIONALES (KOHA) | |
| Tipo de ítem | Libro |
| Sistema de clasificación | Dewey Decimal Classification |
| 945 ## - PROCESAMIENTO LOCAL | |
| AAAA-MM-DD - Fecha de ingreso o modificacion | 2007-11-09 |
| Withdrawn status | Lost status | Sistema de Clasificación | Damaged status | No para préstamo | Colección | Inventariado | Ubicación Permanente | Ubicación actual | Fecha de adquisición | Fuente de Valor | Valor | Total Checkouts | Número topográfico | Inventario / Código de Barras | Date last seen | Ejemplar | Price effective from | Forma de adquisición | Tipo de material |
|---|---|---|---|---|---|---|---|---|---|---|---|---|---|---|---|---|---|---|---|
| Dewey Decimal Classification | General | Inventariado 2017 | Sala Fabio Quevedo | Sala Fabio Quevedo | 09/11/2007 | Instituto | 39000.00 | LB-Barros, Benedita da Silva S47p | 025440 | 04/12/2012 | Ej.1 | 04/12/2012 | Libro |